Statistiques concernant High School Musical - Songs

Cliquez ici pour prendre le quiz!

Statistiques générales

  • Ce quiz a été pris 234 fois
  • Le résultat moyen est 12 sur 28

Statistiques - réponses

HintRéponse% Correct
Breaking free
80%
HSM 2What time is it
68%
Everyday
64%
HSM 1Start of something new
64%
Bet on it
63%
Gotta go my own way
61%
You are the music in me
61%
Fabulous
59%
Can I have this dance
54%
High school musical
54%
We're all in this together
52%
I don't dance
48%
Work this out
44%
Scream
42%
Bop to the top
41%
All for one
37%
The boys are back
37%
HSM 3Now or never
36%
Right here, right now
36%
A night to remember
35%
What I've been looking for
34%
I want it all
31%
Just wanna be with you
29%
Stick to the status quo
27%
Walk away
27%
When there was me and you
23%
Gotcha head in the game
4%
HUMUHUMUNUKUNUKUAPUAA
4%

Distribution des résultats

Percentile par nombre de réponses

% des personnes avec chaque résultat

Votre développement - résultats

Vous n’avez pas pris ce quiz